<?xml version="1.0" encoding="UTF-8"?><?xml-stylesheet type="text/xsl" href="static/style.xsl"?><OAI-PMH xmlns="http://www.openarchives.org/OAI/2.0/" xmlns:xsi="http://www.w3.org/2001/XMLSchema-instance" xsi:schemaLocation="http://www.openarchives.org/OAI/2.0/ http://www.openarchives.org/OAI/2.0/OAI-PMH.xsd"><responseDate>2026-04-13T01:50:18Z</responseDate><request verb="GetRecord" identifier="oai:www.recercat.cat:2117/173492" metadataPrefix="marc">https://recercat.cat/oai/request</request><GetRecord><record><header><identifier>oai:recercat.cat:2117/173492</identifier><datestamp>2025-07-22T19:08:30Z</datestamp><setSpec>com_2072_1033</setSpec><setSpec>col_2072_452951</setSpec></header><metadata><record xmlns="http://www.loc.gov/MARC21/slim" xmlns:dcterms="http://purl.org/dc/terms/" xmlns:xsi="http://www.w3.org/2001/XMLSchema-instance" xmlns:doc="http://www.lyncode.com/xoai" xsi:schemaLocation="http://www.loc.gov/MARC21/slim http://www.loc.gov/standards/marcxml/schema/MARC21slim.xsd">
   <leader>00925njm 22002777a 4500</leader>
   <datafield ind2=" " ind1=" " tag="042">
      <subfield code="a">dc</subfield>
   </datafield>
   <datafield ind2=" " ind1=" " tag="720">
      <subfield code="a">Rodríguez Lizarde, José</subfield>
      <subfield code="e">author</subfield>
   </datafield>
   <datafield ind2=" " ind1=" " tag="260">
      <subfield code="c">2019-07-26</subfield>
   </datafield>
   <datafield ind2=" " ind1=" " tag="520">
      <subfield code="a">El objetivo de este proyecto es el desarrollo de una aplicación web para crear un amplio&#xd;
repositorio de cubiertas verdes. Un lugar donde los proveedores puedan compartir sus&#xd;
productos (contribuyendo a incrementar el catálogo compartido) y los usuarios puedan usar&#xd;
estos artículos para encontrar la mejor solución para sus proyectos. Todo este proceso puede&#xd;
ser monitorizado por un administrador con el fin de asegurar la veracidad de los valores, las&#xd;
descripciones y las características de las cubiertas introducidas por los proveedores.&#xd;
Para conseguir eso, se realizará un estudio previo del estado del arte de las cubiertas verdes,&#xd;
así como el análisis de proyectos anteriores sobre la materia (1) (2) con el fin de profundizar&#xd;
en las características intrínsecas de estas cubiertas.&#xd;
El objetivo principal de esta aplicación web es proporcionar a los usuarios (y usuarios&#xd;
potenciales) todas las características posibles de las cubiertas verdes, para que puedan elegir&#xd;
el producto que mejor se adapte a sus necesidades. Aspectos importantes como la&#xd;
funcionalidad y la facilidad de uso se han considerado cuidadosamente en el diseño del&#xd;
proyecto para que sea más atractivo e innovador para los usuarios.&#xd;
Para ello, se hace una recopilación completa de requisitos para establecer todas las funciones&#xd;
que un usuario podría necesitar. Una vez que completada, se realiza una propuesta basada&#xd;
en el análisis anterior. Esta propuesta brinda una funcionalidad específica de cada uno de los&#xd;
requisitos, enfatizando principalmente en la simplicidad de uso. En este punto, se&#xd;
proporcionan los diagramas de flujo de trabajo utilizados para explicar fácilmente cómo&#xd;
funciona cada proceso. Dado que hoy en día un porcentaje importante de usuarios navega&#xd;
por la web desde dispositivos móviles y se otorga un gran protagonismo a la simplicidad de&#xd;
uso, se hace una propuesta basada en el principio "mobile first" para cumplir con esta&#xd;
tendencia.&#xd;
Finalizados análisis e implementación, se realiza una investigación exhaustiva para&#xd;
proporcionar a la base de datos la información necesaria que servirá como punto de partida&#xd;
para comenzar a utilizar la aplicación.&#xd;
Para finalizar el proyecto, se estudian varios casos reales para mostrar cómo funciona el&#xd;
sistema.</subfield>
   </datafield>
   <datafield tag="653" ind2=" " ind1=" ">
      <subfield code="a">Àrees temàtiques de la UPC::Edificació::Construcció sostenible</subfield>
   </datafield>
   <datafield tag="653" ind2=" " ind1=" ">
      <subfield code="a">Àrees temàtiques de la UPC::Edificació::Elements constructius d'edificis::Elements de tancament</subfield>
   </datafield>
   <datafield tag="653" ind2=" " ind1=" ">
      <subfield code="a">Green roofs (Gardening)</subfield>
   </datafield>
   <datafield tag="653" ind2=" " ind1=" ">
      <subfield code="a">Roofs</subfield>
   </datafield>
   <datafield tag="653" ind2=" " ind1=" ">
      <subfield code="a">Web applications</subfield>
   </datafield>
   <datafield tag="653" ind2=" " ind1=" ">
      <subfield code="a">cubierta verde, cubierta, usuario, sistema, aplicación, medio ambiente, aislamiento térmico, funcionalidades, catálogo, recomendador</subfield>
   </datafield>
   <datafield tag="653" ind2=" " ind1=" ">
      <subfield code="a">Cobertes verdes</subfield>
   </datafield>
   <datafield tag="653" ind2=" " ind1=" ">
      <subfield code="a">Cobertes (Construcció)</subfield>
   </datafield>
   <datafield tag="653" ind2=" " ind1=" ">
      <subfield code="a">Aplicacions web</subfield>
   </datafield>
   <datafield ind2="0" ind1="0" tag="245">
      <subfield code="a">Análisis e implementación: aplicación web de cubiertas verdes</subfield>
   </datafield>
</record></metadata></record></GetRecord></OAI-PMH>